|
|
|
|
| LEADER |
02279nam a2200637 i 4500 |
| 001 |
nkc20223447291 |
| 003 |
CZ PrNK |
| 005 |
20221004094707.0 |
| 007 |
ta |
| 008 |
220913s2022 xr ac e f 001 0 cze |
| 015 |
|
|
|a cnb003447291
|
| 020 |
|
|
|a 978-80-264-4213-4
|q (vázáno) :
|c Kč 349,00
|
| 035 |
|
|
|a (OCoLC)1347065334
|
| 040 |
|
|
|a BOA001
|b cze
|d ABA001
|e rda
|
| 041 |
1 |
|
|a cze
|h eng
|
| 043 |
|
|
|a n-us---
|
| 045 |
|
|
|a y0y2
|
| 072 |
|
7 |
|a 791
|x Film. Cirkus. Lidová zábava
|2 Konspekt
|9 3
|
| 080 |
|
|
|a 791.62:005.71
|2 MRF
|
| 080 |
|
|
|a 791.2:741.52
|2 MRF
|
| 080 |
|
|
|a 791-5
|2 MRF
|
| 080 |
|
|
|a (73)
|2 MRF
|
| 080 |
|
|
|a (036)
|2 MRF
|
| 080 |
|
|
|a (084.11)
|2 MRF
|
| 100 |
1 |
|
|a Bray, Adam
|7 xx0190049
|4 aut
|
| 240 |
1 |
0 |
|a Marvel Studios - all your questions answered.
|l Česky
|
| 245 |
1 |
0 |
|a Marvel Studios :
|b všechno, co potřebuješ vědět /
|c Adam Bray ; překlad: Hana Vašková
|
| 246 |
1 |
8 |
|a Všechno, co potřebuješ vědět - Marvel Studios
|
| 250 |
|
|
|a 1. vydání
|
| 264 |
|
1 |
|a V Brně :
|b CPress,
|c 2022
|
| 300 |
|
|
|a 127 stran :
|b ilustrace (převážně barevné), portréty ;
|c 24 cm
|
| 336 |
|
|
|a text
|b txt
|2 rdacontent
|
| 336 |
|
|
|a statický obraz
|b sti
|2 rdacontent
|
| 337 |
|
|
|a bez média
|b n
|2 rdamedia
|
| 338 |
|
|
|a svazek
|b nc
|2 rdacarrier
|
| 500 |
|
|
|a Přeloženo z angličtiny
|
| 500 |
|
|
|a Obsahuje rejstřík
|
| 610 |
2 |
7 |
|a Marvel Studios
|7 xx0272077
|2 czenas
|
| 648 |
|
7 |
|a 2001-2020
|7 ch460601
|2 czenas
|
| 650 |
0 |
7 |
|a filmová studia
|7 ph120188
|z Spojené státy americké
|2 czenas
|
| 650 |
0 |
7 |
|a komiksové filmy
|7 ph1101712
|z Spojené státy americké
|y 2001-2020
|2 czenas
|
| 650 |
0 |
7 |
|a filmové postavy
|7 ph203862
|2 czenas
|
| 650 |
0 |
9 |
|a film studios
|z United States
|2 eczenas
|
| 650 |
0 |
9 |
|a comics films
|z United States
|y 2001-2020
|2 eczenas
|
| 650 |
0 |
9 |
|a film characters
|2 eczenas
|
| 655 |
|
7 |
|a průvodce
|7 fd133154
|2 czenas
|
| 655 |
|
7 |
|a obrazové publikace
|7 fd132947
|2 czenas
|
| 655 |
|
9 |
|a guidebooks
|2 eczenas
|
| 655 |
|
9 |
|a pictorial works
|2 eczenas
|
| 700 |
1 |
|
|a Vašková, Hana
|7 xx0205743
|4 trl
|
| 910 |
2 |
|
|a BOA001
|b 2-1493.325
|
| 928 |
9 |
|
|a Albatros Media - CPress
|
| 990 |
|
|
|a BK
|
| 995 |
|
|
|a 01
|
| 991 |
|
|
|b 202209
|c NOV
|
| 996 |
6 |
|
|b 2610915073
|c 2-1493.325
|l MZK
|r Sklad / do 1 hodiny
|n 0
|p p.v.
|w 001899738
|u 000010
|a 1
|e BOA001
|j MZK50
|s P
|